00672nam a2200181 i 4500001000700000003000900007005001700016007000300033008004100036100003200077245010900109260003900218300002600257700003400283852003200317999001900349952012200368146696ES-MaACL20230906201633.0t|070914s1973 sp ||||1| spa d1 aTremillon, Bernard.920202813aLa química en los disolventes no acuosos / cBernard Tremillon ; [traducido por Juan Miró Ametller]. aBarcelona : bBellaterra, c[1973] aXI, 204 p. ; c18 cm.1 aMiró Ametller, Juan.981610 aES-MaACLjC-55536 bR.88196 c146696d146696 00104070aATENEOMbATENEOMcDEPO2d2008-01-17eSCl0oC-55536p1153105r2023-02-23 00:00:00w2023-02-23yMONOGRAFIA